000 00654nam a22002172 4500
001 0000020786
005 20151217152221.0
008 111014s xx 000 0 eng d
020 _a9966777644 :
040 _aKABU
_cKABU
100 1 _aNg'ang'a, Jacob C.
_@0000177988
245 1 0 _aDeterminants of regional disparity in Kenya /
_cJacob C. Ng'ang'a, Githinji Njenga.
250 _a1st ed.
260 _aNairobi :
_bKIPPRA,
_c2010.
300 _av, 26 p.
650 0 _aKenya
_xEconmic conditions.
_@0000158850
700 1 _aNjenga, Githinji.
_@0000181345
908 _a111014
950 _@1
999 _c9499
_d9499